00678nam a2200241 a 4500001001300000003000900013005001700022008004100039020001000080082001600090100001600106245003500122260004200157300000800199500003500207505001000242650002100252700001600273902000800289942000700297952011700304999001500421nice12345678IN_TiNIC20260116012658.0050524s1983 cana grp 000 0 eng  ac10000a220.15bHAR aHarlow, R E aWhat Next? Primer on Prophecy. aCanadabEvery Day Publications c1983 a95p aincludes index and biblioraphy2 aIndex aBible-Prophecies1 aHarlow, R E bSRS cBK 001040708StackRoom-aHMIbHMId2007-06-15g100.00l0o220.15 HARp010936r2007-06-15v100.00w2005-05-24yBK c7914d7914